[Event "World Amateur-ch U1700 (Women)"]
[Site "Muscat"]
[Date "2023.11.10"]
[Round "9"]
[White "Sodgerelt, Naranbold"]
[Black "Abeer, Ali"]
[Result "1/2-1/2"]
[WhiteElo "1419"]
[BlackElo "1548"]
[PlyCount "155"]
[EventDate "2023.11.02"]
[EventType "swiss"]
[EventRounds "9"]
[EventCountry "OMN"]
[SourceTitle "CBM 217 Extra"]
[Source "ChessBase"]
[SourceDate "2024.01.31"]
[SourceVersion "1"]
[SourceVersionDate "2024.01.31"]
[SourceQuality "1"]

1. e4 c6 2. d4 d5 3. exd5 cxd5 4. Bd3 Nc6 5. c3 Nf6 6. h3 g6 7. Nf3 Bf5 8. Be2 Qc7 9. Qa4 Bxb1 10. Rxb1 Bg7 11. Ne5 0-0 12. Bf4 Qa5 13. Qxa5 Nxa5 14. 0-0 Rac8 15. Rfe1 a6 16. g4 Rfd8 17. g5 Ne8 18. Bg4 Bxe5 19. Bxe5 Rc6 20. Bf4 e6 21. b3 Ng7 22. Bd2 Rcc8 23. Red1 Nc6 24. Be3 Ne7 25. Bf3 Rxc3 26. Bg2 Ngf5 27. Bd2 Rc2 28. Ba5 Rdc8 29. a3 R8c6 30. Bf1 b6 31. Be1 a5 32. b4 axb4 33. Rxb4 Rc1 34. Rxc1 Rxc1 35. Bd2 Rc2 36. Bf4 Rc6 37. Be5 Nh4 38. Rb3 Nhf5 39. a4 Nc8 40. Kh2 Nfd6 41. a5 bxa5 42. Rb8 Nc4 43. Ra8 Nxe5 44. dxe5 Kg7 45. Rxa5 Rc7 46. Ra3 Ne7 47. Kg2 Nf5 48. Bd3 Nd4 49. Kg3 Nc2 50. Rb3 Nd4 51. Ra3 Rb7 52. h4 Rb3 53. Rxb3 Nxb3 54. Kg4 Nc5 55. Bc2 Nd7 56. f4 Nb6 57. h5 Nc4 58. Bb3 Ne3+ 59. Kf3 Nf5 60. h6+ Kf8 61. Bd1 Ke8 62. Ba4+ Ke7 63. Bd1 Nd4+ 64. Ke3 Nc6 65. Ba4 Na5 66. Kd4 Nc4 67. Bb5 Nd2 68. Ke3 Nb3 69. Kd3 Nc5+ 70. Kd4 Nb7 71. Kc3 Kd8 72. Kb4 Ke7 73. Ba6 Nd8 74. Bb5 Nb7 75. Ba6 Nd8 76. Bb5 Nb7 77. Ba6 Nd8 78. Bb5 1/2-1/2

[Event "Sharjah Cup (Women) 12th"]
[Site "Sharjah"]
[Date "2022.12.14"]
[Round "7"]
[White "Abeer, Ali"]
[Black "Boric, Elena"]
[Result "0-1"]
[WhiteElo "1510"]
[BlackElo "2196"]
[PlyCount "74"]
[EventDate "2022.12.09"]
[EventType "swiss"]
[EventRounds "9"]
[EventCountry "UAE"]
[SourceTitle "CBM 211 Extra"]
[Source "ChessBase"]
[SourceDate "2023.01.31"]
[SourceVersion "1"]
[SourceVersionDate "2023.01.31"]
[SourceQuality "1"]

1. e4 d5 2. exd5 Qxd5 3. Nc3 Qd6 4. g3 Nc6 5. Bg2 Nf6 6. Nge2 Bf5 7. d3 Qd7 8. 0-0 0-0-0 9. Be3 Bh3 10. Nf4 Bxg2 11. Kxg2 e5 12. Nh3 Ng4 13. Ng1 f5 14. h3 Nf6 15. f4 exf4 16. Bxf4 h6 17. Nf3 g5 18. Ne5 Qe8 19. Nxc6 Qxc6+ 20. Qf3 Qxf3+ 21. Rxf3 gxf4 22. Rxf4 Nd5 23. Nxd5 Rxd5 24. Raf1 Bg7 25. b3 Re8 26. h4 Re2+ 27. R1f2 Rxf2+ 28. Rxf2 Bd4 29. Rf4 Be3 30. Rf3 Re5 31. Kh3 h5 32. Kg2 Kd7 33. Kf1 Bd4 34. Rf4 c5 35. a4 Ke6 36. Rf3 b6 37. Rf4 Re3 0-1

[Event "Sharjah Cup (Women) 12th"]
[Site "Sharjah"]
[Date "2022.12.11"]
[Round "4"]
[White "Abeer, Ali"]
[Black "Ahoud, Eisa Bashkardi"]
[Result "1/2-1/2"]
[WhiteElo "1510"]
[BlackElo "1333"]
[PlyCount "276"]
[EventDate "2022.12.09"]
[EventType "swiss"]
[EventRounds "9"]
[EventCountry "UAE"]
[SourceTitle "CBM 211 Extra"]
[Source "ChessBase"]
[SourceDate "2023.01.31"]
[SourceVersion "1"]
[SourceVersionDate "2023.01.31"]
[SourceQuality "1"]

1. e4 e5 2. Nf3 Nc6 3. d4 exd4 4. Bc4 Nf6 5. e5 Ng4 6. Bf4 d6 7. exd6 Bxd6 8. Qe2+ Be7 9. h3 Nf6 10. Ne5 Nxe5 11. Qxe5 c5 12. 0-0 0-0 13. Nd2 Re8 14. Rfe1 Bd7 15. Bd3 Bc6 16. Bg5 b6 17. Qf5 Qd5 18. Qxd5 Bxd5 19. Bb5 Kf8 20. Bxe8 Rxe8 21. Re5 Be6 22. Ree1 h6 23. Bh4 Bf5 24. Bxf6 Bxf6 25. Rxe8+ Kxe8 26. Re1+ Kd7 27. Ne4 Bd8 28. c3 dxc3 29. Nxc3 Bf6 30. Rd1+ Kc6 31. g4 Be6 32. a3 a6 33. f4 g6 34. Rd3 Bd4+ 35. Kg2 f5 36. Kf3 a5 37. Rd1 h5 38. g5 b5 39. Re1 Bd7 40. Re7 b4 41. axb4 axb4 42. Nd1 Kd6 43. Re1 Bc6+ 44. Kg3 Kd5 45. Ne3+ Kd6 46. Nc4+ Kc7 47. Re7+ Kd8 48. Re1 Bd5 49. Nd2 Bxb2 50. Nf3 Bf7 51. Ne5 Be8 52. Nc4 Bd4 53. Rd1 Kc7 54. Kf3 Bc6+ 55. Kg3 Be8 56. Kf3 h4 57. Ne5 Bc6+ 58. Ke2 Bb5+ 59. Kd2 Be8 60. Nf3 Bc3+ 61. Ke3 b3 62. Rb1 b2 63. Kd3 Bg7 64. Ne5 Bc6 65. Rxb2 Be8 66. Rc2 Kd6 67. Nc4+ Kd5 68. Ne3+ Kd6 69. Ra2 Bb5+ 70. Kd2 c4 71. Ra8 c3+ 72. Kc2 Bc6 73. Ra6 Kc5 74. Ra5+ Kb6 75. Ra3 Be4+ 76. Kc1 Bd4 77. Nc2 Bg7 78. Rb3+ Kc7 79. Rb4 Bh8 80. Nd4 Kd6 81. Nc2 Kc7 82. Rc4+ Kd6 83. Rc8 Be5 84. fxe5+ Kxe5 85. Rxc3 Kf4 86. Nd4 Kxg5 87. Ne6+ Kf6 88. Nd4 g5 89. Re3 Ke5 90. Ne2 Kf6 91. Nc3 Bb7 92. Kd2 g4 93. hxg4 fxg4 94. Ne4+ Kg6 95. Ke2 h3 96. Kf2 h2 97. Kg2 Kf5 98. Kxh2 Bxe4 99. Kg3 Bf3 100. Ra3 Ke4 101. Kf2 Kd4 102. Ra4+ Ke5 103. Ke3 Kf5 104. Ra5+ Kg6 105. Kf4 Bd1 106. Rd5 Bf3 107. Rd6+ Kh5 108. Rd8 Kg6 109. Rd6+ Kh5 110. Kf5 Kh4 111. Kf4 Kh3 112. Rd2 Bc6 113. Rd3+ Bf3 114. Rc3 Kh2 115. Rc5 Kg2 116. Rh5 Bd1 117. Rd5 Bf3 118. Rd2+ Kh3 119. Rf2 Bb7 120. Rf1 Bf3 121. Rg1 Kh2 122. Rg3 Bd1 123. Rd3 Bf3 124. Rd2+ Kh3 125. Ke3 Kg3 126. Rf2 Kh3 127. Rf1 Kg2 128. Rf2+ Kg3 129. Rd2 Kh3 130. Kf2 Kh2 131. Rd6 Bg2 132. Rd3 Bf3 133. Rd6 Bg2 134. Rh6+ Bh3 135. Rh5 g3+ 136. Kf3 g2 137. Rg5 g1Q 138. Rxg1 Kxg1 1/2-1/2

[Event "UAE President Cup (Women)"]
[Site "Ajman"]
[Date "2019.01.05"]
[Round "5"]
[White "Abeer, Ali"]
[Black "Noman, Shaima"]
[Result "1-0"]
[WhiteElo "1590"]
[BlackElo "1492"]
[PlyCount "119"]
[EventDate "2019.01.02"]
[EventType "swiss"]
[EventRounds "9"]
[EventCountry "UAE"]
[SourceTitle "CBM 188 Extra"]
[Source "ChessBase"]
[SourceDate "2019.02.28"]
[SourceVersion "1"]
[SourceVersionDate "2019.02.28"]
[SourceQuality "1"]

1. e4 c5 2. Nc3 Nc6 3. f4 e6 4. Nf3 d5 5. d3 g6 6. g3 Bg7 7. Bg2 Nge7 8. 0-0 0-0 9. h3 f5 10. e5 d4 11. Nb5 Bd7 12. Nd6 Qc7 13. Qe2 a6 14. Nc4 Rad8 15. Nh2 b5 16. Nd6 Nc8 17. Nxc8 Bxc8 18. b3 Nb4 19. a3 Nd5 20. Bd2 Bb7 21. Nf3 Ne7 22. Ng5 Bc8 23. Qe1 Nc6 24. h4 h5 25. Bf3 Rde8 26. Qe2 Bh6 27. Nh3 Re7 28. Kh2 Rff7 29. Rfb1 a5 30. Bxc6 Qxc6 31. Bxa5 Rd7 32. Qg2 Qa6 33. Bd2 Bb7 34. Qf2 Qc6 35. Rg1 Ba8 36. Rab1 Ra7 37. Ra1 Bf8 38. Ng5 Be7 39. Nxf7 Kxf7 40. Qe2 Rc7 41. a4 bxa4 42. Rxa4 Qd5 43. Qg2 Qxg2+ 44. Rxg2 Bxg2 45. Kxg2 Ke8 46. Ra8+ Kf7 47. Ba5 Rc6 48. Ra7 Ke8 49. Kf2 Rc8 50. Ke2 Rc6 51. Kd2 Rc8 52. Kc1 Kf8 53. Kb2 Rc6 54. Ra8+ Kf7 55. Ra7 Ke8 56. Ra8+ Kf7 57. c3 dxc3+ 58. Kxc3 Kg7 59. Kc4 Kf7 60. Kb5 1-0

[Event "UAE President Cup (Women)"]
[Site "Ajman"]
[Date "2019.01.05"]
[Round "4"]
[White "Jawaher, Khalil"]
[Black "Abeer, Ali"]
[Result "0-1"]
[WhiteElo "1125"]
[BlackElo "1590"]
[PlyCount "94"]
[EventDate "2019.01.02"]
[EventType "swiss"]
[EventRounds "9"]
[EventCountry "UAE"]
[SourceTitle "CBM 188 Extra"]
[Source "ChessBase"]
[SourceDate "2019.02.28"]
[SourceVersion "1"]
[SourceVersionDate "2019.02.28"]
[SourceQuality "1"]

1. e4 c6 2. d4 d5 3. Nc3 dxe4 4. Nxe4 Nd7 5. Bd3 Ngf6 6. Nxf6+ Nxf6 7. c3 Bg4 8. Ne2 e6 9. 0-0 Be7 10. f3 Bh5 11. Ng3 Bg6 12. f4 Bxd3 13. Qxd3 c5 14. Qb5+ Qd7 15. Qxd7+ Nxd7 16. Be3 cxd4 17. Bxd4 0-0 18. Rae1 Bc5 19. Bxc5 Nxc5 20. b4 Na4 21. c4 a5 22. b5 Rac8 23. Rc1 Nb2 24. Rc2 Nxc4 25. Rfc1 Nd6 26. Rc7 Rxc7 27. Rxc7 Rc8 28. Rxc8+ Nxc8 29. Ne4 b6 30. a4 Kf8 31. Kf2 Ke7 32. Ke3 Nd6 33. Nxd6 Kxd6 34. Kd4 f6 35. g4 e5+ 36. fxe5+ fxe5+ 37. Ke4 g6 38. h4 h6 39. h5 gxh5 40. gxh5 Kc5 41. Kxe5 Kb4 42. Kf6 Kxa4 43. Kg6 Kxb5 44. Kxh6 a4 45. Kg6 a3 46. h6 a2 47. h7 a1Q 0-1

[Event "Muscat zt 3.1 (Women)"]
[Site "Muscat"]
[Date "2015.05.23"]
[Round "8"]
[White "Hejazipour, Mitra"]
[Black "Abeer, Ali"]
[Result "1/2-1/2"]
[WhiteElo "2312"]
[BlackElo "1569"]
[PlyCount "93"]
[EventDate "2015.05.17"]
[EventType "tourn"]
[EventRounds "9"]
[EventCountry "OMN"]
[SourceTitle "CBM 166 Extra"]
[Source "ChessBase"]
[SourceDate "2015.06.18"]
[SourceVersion "1"]
[SourceVersionDate "2015.06.18"]
[SourceQuality "1"]

1. d4 d5 2. c4 dxc4 3. e4 Nf6 4. e5 Nd5 5. Bxc4 Nb6 6. Bb3 Nc6 7. Nf3 Bg4 8. Be3 e6 9. 0-0 Ne7 10. Nbd2 Ned5 11. Ne4 Be7 12. Ned2 Bf8 13. Ne4 Be7 14. Ng3 0-0 15. h3 Bxf3 16. Qxf3 c6 17. Bd2 Bg5 18. Rad1 Bxd2 19. Rxd2 Ne7 20. h4 Ng6 21. h5 Nxe5 22. Qe4 Ned7 23. Re1 Nf6 24. Qf3 Nbd5 25. Ne2 Qd6 26. g3 Rad8 27. Nc1 Qb4 28. Red1 Qe7 29. Nd3 Rd6 30. Ne5 Rfd8 31. Qe2 Nc7 32. a4 Ncd5 33. Nd3 Qc7 34. Nc5 Qc8 35. h6 g6 36. Qe5 Ne8 37. Ne4 R6d7 38. Bxd5 Rxd5 39. Nf6+ Nxf6 40. Qxf6 Kf8 41. Re2 Rf5 42. Qg7+ Ke7 43. Rde1 Rf6 44. Qxh7 Rh8 45. Qg7 Rg8 46. Qh7 Rh8 47. Qg7 1/2-1/2

[Event "Muscat zt 3.1 (Women)"]
[Site "Muscat"]
[Date "2015.05.18"]
[Round "2"]
[White "Abeer, Ali"]
[Black "Mir Mahmoud, Afamia"]
[Result "0-1"]
[WhiteElo "1569"]
[BlackElo "1964"]
[PlyCount "99"]
[EventDate "2015.05.17"]
[EventType "tourn"]
[EventRounds "9"]
[EventCountry "OMN"]
[SourceTitle "CBM 166 Extra"]
[Source "ChessBase"]
[SourceDate "2015.06.18"]
[SourceVersion "1"]
[SourceVersionDate "2015.06.18"]
[SourceQuality "1"]

1. e4 d6 2. d4 Nf6 3. Nc3 g6 4. f4 Bg7 5. Nf3 0-0 6. Bc4 c6 7. Bd3 Nbd7 8. 0-0 e5 9. Ne2 Qc7 10. c3 c5 11. fxe5 dxe5 12. d5 c4 13. Bc2 Qc5+ 14. Kh1 Ng4 15. Qe1 Ne3 16. Bxe3 Qxe3 17. Ng3 Qc5 18. Ba4 b5 19. Bc2 a5 20. a3 Qd6 21. Qf2 Nc5 22. Qe2 Rb8 23. Rf2 Ba6 24. Nd2 Bh6 25. Raf1 f6 26. Rf3 Rbd8 27. Qf2 Bg7 28. Rd1 Bc8 29. h3 Bb7 30. Ndf1 Ba6 31. Ne3 Rb8 32. Ng4 Rb6 33. h4 h5 34. Ne3 Bc8 35. Qf1 Qe7 36. Ne2 Bh6 37. Qf2 f5 38. exf5 e4 39. Rh3 Bxf5 40. Nxf5 Rxf5 41. Qg1 Rbf6 42. Ng3 Re5 43. Nf1 e3 44. Re1 e2 45. Ng3 Be3 46. Qh2 Bf2 47. Rxe2 Rxe2 48. Nxe2 Qxe2 49. Qb8+ Rf8 50. Kh2 0-1

[Event "Arab-ch U18 Girls"]
[Site "Amman"]
[Date "2014.08.26"]
[Round "6.2"]
[White "Abdelmenaem, Sohayla"]
[Black "Abeer, Ali"]
[Result "1-0"]
[WhiteElo "1782"]
[BlackElo "1657"]
[PlyCount "91"]
[EventDate "2014.08.22"]
[EventType "swiss"]
[EventRounds "9"]
[EventCountry "JOR"]
[SourceTitle "EXT 2024"]
[Source "ChessBase"]
[SourceDate "2023.10.10"]
[SourceVersion "1"]
[SourceVersionDate "2023.10.10"]
[SourceQuality "1"]

1. d4 c5 2. d5 d6 3. c4 g6 4. Nf3 Bg7 5. Nfd2 Nf6 6. Nc3 0-0 7. e4 Na6 8. Be2 Nc7 9. 0-0 Nd7 10. f4 Nb6 11. Nf3 Bg4 12. Ng5 Bxe2 13. Qxe2 f6 14. Nf3 Nd7 15. f5 g5 16. h4 h6 17. g3 g4 18. Ne1 h5 19. Nd3 Kf7 20. Nf4 Rh8 21. Ne6 Qc8 22. Bf4 Bh6 23. Qe3 Bxf4 24. gxf4 Nf8 25. e5 Nfxe6 26. fxe6+ Kg7 27. exd6 exd6 28. Ne4 f5 29. Nxd6 Qf8 30. Qe5+ Qf6 31. Nxf5+ Kg6 32. Qxf6+ Kxf6 33. Ng3 Ne8 34. Ne4+ Kf5 35. Nxc5 Rc8 36. Nxb7 Rxc4 37. Rae1 Rb4 38. Re5+ Kf6 39. Nc5 Rxb2 40. Ne4+ Ke7 41. Rd1 Rf8 42. d6+ Nxd6 43. Nxd6 Rxf4 44. Nc8+ Kf6 45. e7 Kxe5 46. e8Q+ 1-0

[Event "Arab-ch U18 Girls"]
[Site "Amman"]
[Date "2014.08.24"]
[Round "4.1"]
[White "Abdi, Zineb Dina"]
[Black "Abeer, Ali"]
[Result "1-0"]
[WhiteElo "1911"]
[BlackElo "1657"]
[PlyCount "107"]
[EventDate "2014.08.22"]
[EventType "swiss"]
[EventRounds "9"]
[EventCountry "JOR"]
[SourceTitle "EXT 2024"]
[Source "ChessBase"]
[SourceDate "2023.10.10"]
[SourceVersion "1"]
[SourceVersionDate "2023.10.10"]
[SourceQuality "1"]

1. e4 c6 2. d4 d5 3. Nc3 dxe4 4. Nxe4 Nf6 5. Nxf6+ gxf6 6. c3 Qd5 7. Ne2 e5 8. Be3 Nd7 9. Qb3 Qa5 10. Ng3 Nb6 11. Bd3 Be6 12. Qc2 h5 13. Ne4 Be7 14. Nd2 Qd5 15. f3 0-0-0 16. Be4 Qd7 17. 0-0-0 Qc7 18. Kb1 Kb8 19. Rhf1 Ka8 20. f4 Nd5 21. Bxd5 Bxd5 22. fxe5 fxe5 23. dxe5 Rhg8 24. Nf3 Rg4 25. Ka1 Bxa2 26. Kxa2 Qa5+ 27. Kb1 Ra4 28. Rxd8+ Bxd8 29. Qd3 Ra1+ 30. Kc2 Qa4+ 31. Kd2 Ba5 32. Rxa1 Qxa1 33. Ke2 Qxb2+ 34. Nd2 Qa2 35. Qd7 Qe6 36. Qxe6 fxe6 37. Kd3 Bc7 38. Bf4 c5 39. Kc4 b6 40. Ne4 Kb7 41. Nd6+ Kc6 42. h3 a6 43. g4 b5+ 44. Kb3 hxg4 45. hxg4 Bd8 46. g5 Bxg5 47. Bxg5 a5 48. c4 a4+ 49. Kc3 b4+ 50. Kb2 Kb6 51. Be3 Kc6 52. Ne4 a3+ 53. Kb3 Kb6 54. Bxc5+ 1-0

[Event "Olympiad Women-41"]
[Site "Tromsoe"]
[Date "2014.08.09"]
[Round "7.3"]
[White "Abeer, Ali"]
[Black "Ramirez Gonzalez, Maria Jose"]
[Result "0-1"]
[WhiteElo "1657"]
[BlackElo "1764"]
[PlyCount "110"]
[EventDate "2014.08.02"]
[EventType "team-swiss"]
[EventRounds "11"]
[EventCountry "NOR"]
[SourceTitle "CBM 162"]
[Source "ChessBase"]
[SourceDate "2014.09.17"]
[SourceVersion "1"]
[SourceVersionDate "2014.09.17"]
[SourceQuality "1"]
[WhiteTeam "United Arab Emirates (W)"]
[BlackTeam "Costa Rica (W)"]
[WhiteTeamCountry "UAE"]
[BlackTeamCountry "CRI"]

1. e4 e5 2. Nf3 Nc6 3. d4 exd4 4. Bc4 Nf6 5. e5 Ng4 6. Qe2 Qe7 7. Bf4 f6 8. exf6 Nxf6 9. Nbd2 Qxe2+ 10. Bxe2 Be7 11. Nb3 Nd5 12. Bd2 Bf6 13. 0-0-0 d6 14. Bb5 Nde7 15. Nfxd4 Bd7 16. Bxc6 Nxc6 17. Nxc6 Bxc6 18. f3 Kf7 19. Bf4 Rhe8 20. Rhe1 a5 21. Bg3 a4 22. Nd2 Bg5 23. Kb1 Rxe1 24. Bxe1 Re8 25. Nc4 Re2 26. Bg3 Rxg2 27. Re1 Bb5 28. Na3 Ba6 29. b3 axb3 30. axb3 Re2 31. Rxe2 Bxe2 32. f4 Bf6 33. c4 Bd3+ 34. Ka2 c6 35. Nb1 Ke6 36. Nd2 Kf5 37. Ka3 h5 38. h3 Be2 39. Ka2 Bc3 40. Nb1 Bb4 41. Kb2 Bf1 42. h4 Kg4 43. Bf2 Kxf4 44. Bd4 g5 45. hxg5 Kxg5 46. Nc3 Kf4 47. Bf6 Bd3 48. Be7 Kg3 49. Na2 Bc5 50. Nc1 Bf1 51. Kc3 Kg4 52. b4 Be3 53. Nd3 Bxd3 54. Kxd3 Bf4 55. Ke4 Bg3 0-1

[Event "Olympiad Women-41"]
[Site "Tromsoe"]
[Date "2014.08.05"]
[Round "4.3"]
[White "Grillon, Charline"]
[Black "Abeer, Ali"]
[Result "1-0"]
[WhiteElo "1734"]
[BlackElo "1657"]
[PlyCount "43"]
[EventDate "2014.08.02"]
[EventType "team-swiss"]
[EventRounds "11"]
[EventCountry "NOR"]
[SourceTitle "CBM 162"]
[Source "ChessBase"]
[SourceDate "2014.09.17"]
[SourceVersion "1"]
[SourceVersionDate "2014.09.17"]
[SourceQuality "1"]
[WhiteTeam "Monaco (W)"]
[BlackTeam "United Arab Emirates (W)"]
[WhiteTeamCountry "MNC"]
[BlackTeamCountry "UAE"]

1. d4 d5 2. c4 e6 3. Nf3 c6 4. Nc3 dxc4 5. e4 b5 6. Be2 Bb4 7. 0-0 Bxc3 8. bxc3 Qa5 9. Bd2 Nf6 10. Qc2 Bb7 11. a4 Qc7 12. e5 Nd5 13. Ng5 h6 14. Ne4 a6 15. Nd6+ Kf8 16. Bh5 f5 17. exf6 Nxf6 18. Qg6 Qe7 19. Rfe1 Ra7 20. Nf5 Qd7 21. Rxe6 Bc8 22. Re7 1-0

[Event "Olympiad Women-41"]
[Site "Tromsoe"]
[Date "2014.08.02"]
[Round "1.4"]
[White "Abeer, Ali"]
[Black "Ankhchimeg, Bayanmunkh"]
[Result "0-1"]
[WhiteElo "1657"]
[BlackElo "2123"]
[PlyCount "82"]
[EventDate "2014.08.02"]
[EventType "team-swiss"]
[EventRounds "11"]
[EventCountry "NOR"]
[SourceTitle "CBM 162"]
[Source "ChessBase"]
[SourceDate "2014.09.17"]
[SourceVersion "1"]
[SourceVersionDate "2014.09.17"]
[SourceQuality "1"]
[WhiteTeam "United Arab Emirates (W)"]
[BlackTeam "Mongolia (W)"]
[WhiteTeamCountry "UAE"]
[BlackTeamCountry "MGL"]

1. e4 c5 2. Nc3 g6 3. f4 Bg7 4. Nf3 Nc6 5. Bb5 Nd4 6. 0-0 e6 7. a4 Ne7 8. d3 0-0 9. Bc4 a6 10. Nxd4 cxd4 11. Ne2 d5 12. Bb3 dxe4 13. dxe4 Qb6 14. Kh1 Rd8 15. Bc4 Bd7 16. Bd3 f5 17. Ng3 Kh8 18. Qe2 Ng8 19. e5 Bc6 20. b3 Bf8 21. Bb2 Bc5 22. Qf2 Rd7 23. Rfe1 Ne7 24. Bc4 Bd5 25. Bd3 Rad8 26. Rad1 Bc6 27. Bc4 d3 28. Qd2 Bf2 29. Rf1 Be3 30. Qc3 Bd4 31. Qd2 Bxb2 32. Bxe6 dxc2 33. Qxc2 Rxd1 34. Rxd1 Rxd1+ 35. Qxd1 Bxg2+ 36. Kxg2 Qxe6 37. Qc2 Qc6+ 38. Qxc6 Nxc6 39. Ne2 Nd4 40. Nxd4 Bxd4 41. Kf3 Kg7 0-1

[Event "Sharjah op blitz"]
[Site "Sharjah"]
[Date "2014.07.09"]
[Round "4"]
[White "Abeer, Ali"]
[Black "Haridas, K."]
[Result "0-1"]
[WhiteElo "1667"]
[BlackElo "2122"]
[PlyCount "94"]
[EventDate "2014.07.09"]
[EventType "swiss (blitz)"]
[EventRounds "9"]
[EventCountry "UAE"]
[SourceTitle "EXT 2016"]
[Source "ChessBase"]
[SourceDate "2015.10.08"]
[SourceVersion "1"]
[SourceVersionDate "2015.10.08"]
[SourceQuality "1"]

1. e4 e5 2. Nf3 Nc6 3. d4 exd4 4. Bc4 Nf6 5. e5 d5 6. Bb5 Nd7 7. Bxc6 bxc6 8. Qxd4 Bc5 9. Qd3 0-0 10. 0-0 a5 11. Re1 Re8 12. Ng5 Nf8 13. Nf3 h6 14. h3 Qe7 15. Bf4 Ng6 16. Bh2 Be6 17. Nc3 Rab8 18. b3 Qd7 19. Rab1 Bf5 20. Qd2 Bb4 21. Nd4 Be6 22. Nde2 c5 23. Qd1 d4 24. Ne4 Bxe1 25. Qxe1 Bd5 26. Nxc5 Qc6 27. Qxa5 Rb5 28. Nxd4 Rxa5 29. Nxc6 Bxc6 30. Nd3 Be4 31. Bg3 Bxd3 32. cxd3 Rxa2 33. Rc1 Nxe5 34. Bxe5 Rxe5 35. Kh2 Rxf2 36. Rxc7 Ree2 37. Kg3 g5 38. Rc8+ Kg7 39. Rc7 Rxg2+ 40. Kf3 Rgf2+ 41. Kg3 h5 42. Rc5 f6 43. h4 g4 44. Rxh5 Kg6 45. Rd5 f5 46. Rd6+ Kh5 47. Rd8 Rf3# 0-1

[Event "Sharjah op blitz"]
[Site "Sharjah"]
[Date "2014.07.09"]
[Round "7"]
[White "Alnaimi, Ahmed Mohamed"]
[Black "Abeer, Ali"]
[Result "0-1"]
[WhiteElo "1273"]
[BlackElo "1667"]
[PlyCount "60"]
[EventDate "2014.07.09"]
[EventType "swiss (blitz)"]
[EventRounds "9"]
[EventCountry "UAE"]
[SourceTitle "EXT 2016"]
[Source "ChessBase"]
[SourceDate "2015.10.08"]
[SourceVersion "1"]
[SourceVersionDate "2015.10.08"]
[SourceQuality "1"]

1. e4 c6 2. d4 g6 3. Nf3 Bg7 4. Be3 d5 5. e5 Nh6 6. Be2 0-0 7. 0-0 Bg4 8. h3 Bxf3 9. Bxf3 Qb6 10. Bd2 Qxd4 11. Bxh6 Qxd1 12. Rxd1 Bxh6 13. Re1 e6 14. Nd2 Bxd2 15. Re2 Bh6 16. Rd1 Bg7 17. c4 Nd7 18. b3 Nxe5 19. cxd5 Nxf3+ 20. gxf3 cxd5 21. Rc2 Rac8 22. Rdc1 Rxc2 23. Rxc2 Rb8 24. Kf1 Bd4 25. Ke2 Kg7 26. Kd3 Bb6 27. f4 Kf6 28. Ke2 Ke7 29. a4 Kd7 30. b4 Rc8 0-1

[Event "Sharjah op rapid"]
[Site "Sharjah"]
[Date "2014.07.06"]
[Round "4"]
[White "Abeer, Ali"]
[Black "Al Mohayri, Sabri M"]
[Result "0-1"]
[WhiteElo "1643"]
[BlackElo "2155"]
[PlyCount "57"]
[EventDate "2014.07.05"]
[EventType "swiss (rapid)"]
[EventRounds "9"]
[EventCountry "UAE"]
[SourceTitle "CBM 161 Extra"]
[Source "ChessBase"]
[SourceDate "2014.08.29"]
[SourceVersion "1"]
[SourceVersionDate "2014.08.29"]
[SourceQuality "1"]

1. e4 d6 2. d4 g6 3. Nf3 Bg7 4. Nc3 Nf6 5. Be3 0-0 6. h3 c6 7. a4 a5 8. Bd3 Na6 9. Bxa6 Rxa6 10. Qd3 d5 11. e5 Bf5 12. Qe2 Ne8 13. 0-0 Nc7 14. Nh4 Bd7 15. Qd2 f6 16. f4 f5 17. Nf3 e6 18. Bf2 h6 19. Bh4 Qe8 20. Be1 Kh7 21. Qf2 Rg8 22. Nb1 Bf8 23. b3 Be7 24. Bd2 Ra8 25. Qe1 b6 26. Bc3 Bc8 27. Rf2 Na6 28. Bd2 Nb4 29. Bxb4 0-1

[Event "Sharjah op rapid"]
[Site "Sharjah"]
[Date "2014.07.05"]
[Round "2"]
[White "Abeer, Ali"]
[Black "Somoff, Abdo"]
[Result "0-1"]
[WhiteElo "1643"]
[BlackElo "2143"]
[PlyCount "58"]
[EventDate "2014.07.05"]
[EventType "swiss (rapid)"]
[EventRounds "9"]
[EventCountry "UAE"]
[SourceTitle "CBM 161 Extra"]
[Source "ChessBase"]
[SourceDate "2014.08.29"]
[SourceVersion "1"]
[SourceVersionDate "2014.08.29"]
[SourceQuality "1"]

1. e4 c5 2. Nc3 Nc6 3. f4 e6 4. Nf3 d6 5. Bb5 Nge7 6. 0-0 a6 7. Bxc6+ Nxc6 8. d3 g6 9. Qe1 Bg7 10. a4 0-0 11. Qf2 b6 12. Kh1 d5 13. e5 f5 14. b3 d4 15. Nb1 Bb7 16. Na3 Re8 17. Nd2 Bf8 18. Bb2 Re7 19. Ndc4 Rg7 20. Nd2 g5 21. Rg1 gxf4 22. Qxf4 Rg4 23. Qf3 Ra7 24. h3 Qh4 25. Qe2 Nxe5 26. Qxe5 Qxh3+ 27. Qh2 Rh4 28. Nf1 Bd6 29. Qxh3 Rxh3+ 0-1

[Event "Wch U18 Girls"]
[Site "Al Ain"]
[Date "2013.12.23"]
[Round "11"]
[White "Abeer, Ali"]
[Black "Amra, Tasnim"]
[Result "0-1"]
[WhiteElo "1655"]
[BlackElo "1570"]
[PlyCount "66"]
[EventDate "2013.12.18"]
[EventType "swiss"]
[EventRounds "11"]
[EventCountry "UAE"]
[SourceTitle "CBM 158 Extra"]
[Source "ChessBase"]
[SourceDate "2014.02.28"]
[SourceVersion "1"]
[SourceVersionDate "2014.02.28"]
[SourceQuality "1"]

1. e4 e5 2. Nf3 Nc6 3. d4 exd4 4. Bc4 Nf6 5. e5 d5 6. Bb5 Nd7 7. Bxc6 bxc6 8. Qxd4 Bc5 9. Qd3 Qe7 10. Qe2 a5 11. Bf4 0-0 12. Nc3 Re8 13. 0-0-0 Ba6 14. Qd2 Nb6 15. Ne2 Nc4 16. Qe1 Ba3 17. Bg5 Bxb2+ 18. Kb1 Qc5 19. Ned4 Bxd4 20. Nxd4 Qb6+ 21. Nb3 a4 22. f4 axb3 23. cxb3 Na3+ 24. Kb2 Qc5 25. Qd2 Bb5 26. Rc1 Qb6 27. h4 Nc4+ 28. Rxc4 dxc4 29. h5 Qc5 30. Ra1 Qa3+ 31. Kb1 cxb3 32. Qb2 bxa2+ 33. Qxa2 Bd3+ 0-1

[Event "Wch U18 Girls"]
[Site "Al Ain"]
[Date "2013.12.22"]
[Round "6"]
[White "Senarath, Kavindi Nipunka"]
[Black "Abeer, Ali"]
[Result "1/2-1/2"]
[WhiteElo "1617"]
[BlackElo "1655"]
[PlyCount "55"]
[EventDate "2013.12.18"]
[EventType "swiss"]
[EventRounds "11"]
[EventCountry "UAE"]
[SourceTitle "CBM 158 Extra"]
[Source "ChessBase"]
[SourceDate "2014.02.28"]
[SourceVersion "1"]
[SourceVersionDate "2014.02.28"]
[SourceQuality "1"]

1. e4 c6 2. d4 d5 3. e5 g6 4. f4 Bg7 5. Nc3 Nh6 6. Be3 0-0 7. Nf3 Bg4 8. Be2 Nd7 9. h3 Bxf3 10. Bxf3 Nf5 11. Bf2 e6 12. Qd3 a5 13. h4 b6 14. g4 Ne7 15. h5 Qc7 16. 0-0-0 b5 17. Be2 Nb6 18. Qh3 f6 19. hxg6 hxg6 20. Qh7+ Kf7 21. Qh3 Rh8 22. Qg2 Rxh1 23. Rxh1 Rh8 24. Rf1 f5 25. Rg1 Rg8 26. gxf5 gxf5 27. Bh5+ Kf8 28. Bh4 1/2-1/2

[Event "Asia-ch U20 Girls"]
[Site "Sharjah"]
[Date "2013.03.30"]
[Round "1"]
[White "Abeer, Ali"]
[Black "Hakimifard, Ghazal"]
[Result "0-1"]
[WhiteElo "1683"]
[BlackElo "2250"]
[PlyCount "70"]
[EventDate "2013.03.30"]
[EventType "swiss"]
[EventRounds "9"]
[EventCountry "UAE"]
[SourceTitle "CBM 153 Extra"]
[Source "ChessBase"]
[SourceDate "2013.04.22"]
[SourceVersion "1"]
[SourceVersionDate "2013.04.22"]
[SourceQuality "1"]

1. e4 Nc6 2. d4 d6 3. Bb5 a6 4. Bxc6+ bxc6 5. Nc3 Nf6 6. Nf3 Bg4 7. 0-0 e6 8. h3 Bh5 9. Re1 Be7 10. Bf4 0-0 11. Qd3 Bg6 12. Qd2 Qb8 13. Rab1 d5 14. Ne5 Qb7 15. Bg5 Rfe8 16. Nxg6 hxg6 17. e5 Nd7 18. Bxe7 Rxe7 19. Ne2 c5 20. c3 a5 21. a3 a4 22. Nc1 cxd4 23. cxd4 c5 24. dxc5 Nxc5 25. Qd4 Rc7 26. Nd3 Nb3 27. Qb4 Qa7 28. Nc1 Rc4 29. Qd6 Nd2 30. Ra1 Ne4 31. Rxe4 dxe4 32. Qd2 Rac8 33. Ne2 Rc2 34. Qd1 e3 35. f3 Rd2 0-1